| 000 | 00788nam a2200241 4500 | ||
|---|---|---|---|
| 003 | OSt | ||
| 005 | 20240716073731.0 | ||
| 006 | a | ||
| 008 | 240716b |||||||| |||| 00| 0 eng d | ||
| 020 | _a9780073191638 | ||
| 040 |
_aDWCL-Main lib. _cOC |
||
| 082 |
_2Third edition _aCirc. 621.3815 J22m 2008 |
||
| 100 | _aJaeger, Richard C. | ||
| 245 | _aMicroelectronic circuit design / | ||
| 250 | _aThird edition | ||
| 260 |
_aBoston: _bMcGraw-Hill, _cc2008. |
||
| 300 |
_axxiv, _b1190 p. : ill. ; _c26 cm. |
||
| 504 | _aIncludes bibliographical references and index. | ||
| 650 | _a1. Integrated circuits-Design and construction. | ||
| 650 | _a2. Semiconductors-Design and construction. | ||
| 650 | _a3. Electronic circuit design. | ||
| 942 |
_2ddc _n0 _cBK-CIRC _eThird edition _kCirc. |
||
| 999 |
_c2271 _d2271 |
||